Представление документа в формате MARC21

Поле Инд. ПП Название Значение
Тип записи a
Библиографический уровень b
001 Контрольный номер zvzd09_no2_ss235_ad1
005 Дата корректировки 20131113091724.1
008 Кодируемые данные 090324s2009||||RU|||||||||||#||||# rus0|
035 a Системный контрольный номер RUMARS-zvzd09_no2_ss235_ad1
2 AR-MARS
040 a Служба первич. каталог. Научная библиотека Самарского государственного университета
b Код языка каталог. rus
041 0_ a Код языка текста rus
h Код языка оригинала rus
080 a Индекс УДК 820/89.09
084 a Индекс другой классификации/Индекс ББК 83.3(0)
v Таблицы для массовых библиотек
084 a Индекс другой классификации/Индекс ББК 83.3(0)
v Таблицы для массовых библиотек
100 1_ a Автор Гедройц С.
4 Код отношения 675
245 11 a Заглавие [Рецензия]
c Ответственность С. Гедройц
500 a Примечание Рец. на кн.: Голомшток И. Английское искусство от Ганса Гольбейна до Дэмиена Херста: Апология -М., 2008; Петровский М. Городу и миру. -Киев: Издат. дом А+С, 2008; Лисс Д. Этичный убийца: роман/пер. с англ. К. Тверьянович. -СПб.: Издат. дом "Азбука-классика", 2008; Бергер М., Проскурнина О. Крест Чубайса: заказное самоубийство РАО "ЕЭС", крупнейшей госмонополии в России. -М.: КоЛибри, 2008
600 1_ a Персоналии Голомшток, И.
2 Источник рубрики AR-MARS
600 1_ a Персоналии Петровский, М.
2 Источник рубрики AR-MARS
600 1_ a Персоналии Лисс, Д.
2 Источник рубрики AR-MARS
600 1_ a Персоналии Бергер, М.
2 Источник рубрики AR-MARS
600 1_ a Персоналии Проскурнина, О.
2 Источник рубрики AR-MARS
630 0_ a Унифицированное заглавие Английское искусство от Ганса Гольбейна до Дэмиена Херста
2 Источник рубрики или термина AR-MARS
630 0_ a Унифицированное заглавие Городу и миру
2 Источник рубрики или термина AR-MARS
630 0_ a Унифицированное заглавие Этичный убийца
2 Источник рубрики или термина AR-MARS
630 0_ a Унифицированное заглавие Крест Чубайса
2 Источник рубрики или термина AR-MARS
650 _4 a Основная рубрика Литературоведение
2 Источник рубрики AR-MARS
650 _4 a Основная рубрика Мировая литература
2 Источник рубрики AR-MARS
653 0_ a Ключевые слова рецензии
653 0_ a Ключевые слова литературная критика
653 0_ a Ключевые слова проза
653 0_ a Ключевые слова американская литература
653 0_ a Ключевые слова публицистика
653 0_ a Ключевые слова русская литература
773 x ISSN 0321-1878
t Название источника Звезда
d Место и дата издания 2009
g Прочая информация N 2. - С. 235-238
801 _0 a RU
b 44313098
c 20090324
g PSBO
g MARS
801 _1 a RU
b 44313098
c 20090324
801 _2 a RU
b AR-MARS
c 20090324
g PSBO
g MARS
801 _3 a RU
b AR-MARS
c 20090324
856 4_ u URL http://magazines.russ.ru/zvezda/2009/2/ge21.html
901 t Тип документа b
903 a code
b zvzd
d 287
903 a year
b 2009
903 a no
b 2
903 a ss
b 235
903 a ad
b 1
911 a Печатный двор